LEADER 00701nab a2200157 i 4500 001 000000274112 003 CaOOAMICUS 005 20101111000000.0 008 101111n xx uu u0 0und r 013 $a22572 040 $aSeMil$bita 100 1 $aBarigozzi, Claudio <1909-1996>.$0(OLS)http://semarc/name/15869 245 13$aLo studio degli spodogrammi dei cromosomi. - P. [333]-349, con dodici tavole fuori testo. - Contiene :$bBibliografia. 500 $a1947/9. 773 0 $t[1937].$dIn Civitate Vaticana : Ex Aedibus Academicis, 1937.$w()132416 996 $6245$aLo studio degli spodogrammi dei cromosomi. - P. [333]-349, con dodici tavole fuori testo. - Contiene :$bBibliografia.$9(OLS)http://semarc/title/360917 LEADER 01034nam a2200241 i 4500 001 000000034002 003 CaOOAMICUS 005 20240611102303.0 008 070518s1972 it u000 u ita u 040 $aSeMil$bita 245 03$aLe trecento poesie T'ang /$cversione dal cinese e introduzione di Martin Benedikter. 264 1$aMilano :$bArnoldo Mondadori Editore,$c1972. 300 $a338 p. ;$c19 cm. 490 1 $aGli Oscar Mondadori. Poesia ;$vL79 650 4$aPoesia cinese.$0(OLS)http://semarc/subject/28724 700 1 $aBenedikter, Martin,$d<1908-1969>.$0(OLS)http://semarc/name/15487 830 0$aOscar poesia ;$vL79.$0(OLS)http://semarc/title/2778 850 $aSeMil 852 $aSeMil$W1$xVenegono$y1$m1W II 484$j248871$B157$CSeMilBibl$Z2$F157 $81 961 $aOmaggio: Biblioteca Seminario Duomo 996 $6245$aLe trecento poesie T'ang$9(OLS)http://semarc/title/45739 996 $6264$aMilano :$bArnoldo Mondadori Editore$9(OLS)http://semarc/publisher/30056